00737nam a2200241Ia 4500003000400000005001700004006001800021007000300039008004100042024001000083037001800093040001800111041001300129100002400142110007600166245009400242260000900336650001200345700003100357700007600388942001200464999001900476OSt20220930203924.0a|||||r|||| 00| 0ta220926b |||||||| |||| 00| 0 eng d a81092 cDissertations aCRLcCRLbeng 2engaeng aViswanath R9566382 aUniversity of Delhi. Faculty of Medical Sciences. Department of Anatomy 0aComparative anatomy and morphology of the extra hepatic part of the portal verions system c1960 aANATOMY a Dr. S. Achaya Gu.9566383 aUniversity of Delhi. Faculty of Medical Sciences. Department of Anatomy cDIS2CC c905326d905326